República secular, democracia liberal y la doctrina del Estado de la Iglesia católica (Record no. 903972)

000 -CABECERA
Campo de control de longitud fija 00497nab a22001457 4500
003 - IDENTIFICADOR DEL NÚMERO DE CONTROL
Campo de control ES-SlBCS
005 - FECHA Y HORA DE LA ÚLTIMA TRANSACCIÓN
Campo de control 20260303171324.0
008 - CÓDIGOS DE INFORMACIÓN DE LONGITUD FIJA
Campo de control de longitud fija 250426s2026 sp ||||| |||| 00| 0 spa d
040 ## - FUENTE DE LA CATALOGACIÓN
Centro catalogador del origen ES-SlBCS
Lengua de catalogación spa
041 ## - CÓDIGO DE LENGUA
Código de lengua del texto/banda sonora o título independiente spa
100 1# - PUNTO DE ACCESO PRINCIPAL-NOMBRE DE PERSONA
Nombre de persona Grosse Kracht, Hermann-Josef
9 (RLIN) 112825
245 10 - MENCIÓN DE TÍTULO
Título República secular, democracia liberal y la doctrina del Estado de la Iglesia católica
Mención de responsabilidad, etc. Hermann-Josef Grosse Kracht
773 0# - ENLACE AL DOCUMENTO FUENTE
Parte(s) relacionada(s) Núm. 414, 2026, págs. 89-102
Título Concilium
Número de control del registro relacionado Rev134
Número Internacional Normalizado para Publicaciones Seriadas (ISSN) 0210-1041
942 ## - ENTRADA DE ELEMENTOS AGREGADOS (KOHA)
Fuente de clasificaión o esquema
Koha [por defecto] tipo de item Artículos de revista
Holdings
Suprimido Perdido Fuente de clasificación o esquema Estropeado No para préstamo Localización permanente Localización actual Fecha adquisición Préstamos totales Fecha última consulta Fecha del precio de reemplazo Tipo de item de Koha
          San Esteban San Esteban 03/03/2026   03/03/2026 03/03/2026 Artículos de revista

Bibliotecas Dominicos Provincia Hispania, 2016

Con tecnología Koha